Potentiating effects of laser radiation on some immunological traits

Bibliographic Details
Main Authors: Kupin, V. I. (Author), Bykov, V. S. (Author), Ivanov, A. V. (Author), Larichev, V. Yn (Author)
Format: Article
Language:Slovak
English
Subjects:

MARC

LEADER 00000nab a2200000 a 4500
001 vtls000140937
003 SK-MaSNL
005 20260304212419.0
008 250422c1982 xo 0 slo
015 |a SNBRB19rr/mm-uuuuu 
035 |a CL0151043 
035 |a urn:nbn:sk:snk-ab70rq 
035 |a (uuid)8128e743-6018-47a3-a7b9-7f6c5c34f365 
035 |a (urnnbn)urn:nbn:sk:snk:ar-a06ggg 
035 |a (sysno)vtls000140937 
040 |a SNKBUCL  |b slo  |c SNKBUCL  |e AACR2 
041 0 |a eng 
044 |a xo  |c SK 
080 |a 615.8  |2 1981 
080 |a 616.1  |2 1981 
080 |a 577  |2 1981 
245 0 0 |a Potentiating effects of laser radiation on some immunological traits  |c V. I. Kupin ... [et al.] 
300 |b Obr. 1, Tb. 1. 
650 0 7 |a laser  |2 snkbucl  |9 924639 
650 0 7 |a lymfocyty  |2 snkbucl  |9 16131 
655 7 |a články z novín a časopisov  |2 snkbucl  |9 267496 
700 1 |a Kupin, V. I.  |4 aut  |9 1362421 
700 1 |a Bykov, V. S.  |4 aut  |9 1544385 
700 1 |a Ivanov, A. V.  |4 aut  |9 824243 
700 1 |a Larichev, V. Yn.  |4 aut  |9 1544386 
773 0 |t Neoplasma  |g Roč. 29, č. 4 (1982), s. 403-406 
850 |a Slovenská národná knižnica 
852 |a Slovenská národná knižnica 
958 |a article27 
958 |a RK 
958 |a RU 
958 |a OND 
958 |a EUIPO 
992 |a RBX 
999 |c 3131221  |d 3133151